Warna sukma usia muda

Bibliographic Details
Main Author: Arena Wati
Format: Book
Published: Selangor : UKM , 2005
Subjects:

MARC

LEADER 00000cam a2200000 7i4500
001 0000014855
005 20080307.0
008 080306
020 |a 9679427234 
090 0 0 |a ARE   |b MAL 
100 0 |a Arena Wati 
245 1 0 |a Warna sukma usia muda   |c Arena Wati 
260 |a Selangor :   |b UKM ,   |c 2005 
650 0 |a Malay Fiction 
999 |a 0001016337   |b Book   |c Adult Collection   |e Perbadanan Perpustakaan Awam Johor 
999 |a 0001016338   |b Book   |c Adult Collection   |e Perbadanan Perpustakaan Awam Johor